[Event "Canadian op 48th"]
[Site "Toronto"]
[Date "2011.07.12"]
[Round "4"]
[White "Serbanescu, Natasa"]
[Black "Roller, Robert"]
[Result "1/2-1/2"]
[WhiteElo "1829"]
[BlackElo "2057"]
[PlyCount "120"]
[EventDate "2011.07.09"]
[EventType "swiss"]
[EventRounds "9"]
[EventCountry "CAN"]
[SourceTitle "CBM 143 Extra"]
[Source "ChessBase"]
[SourceDate "2011.08.29"]
[SourceVersion "1"]
[SourceVersionDate "2011.08.29"]
[SourceQuality "1"]

1. e4 e6 2. d4 d5 3. exd5 exd5 4. Nf3 Nc6 5. h3 Bd6 6. Bd3 Nge7 7. 0-0 Bf5 8. Bxf5 Nxf5 9. Re1+ Nfe7 10. c4 dxc4 11. Nc3 0-0 12. Bg5 f6 13. Bh4 Nf5 14. Qa4 Ncxd4 15. Qxc4+ Kh8 16. Nxd4 Nxd4 17. Rad1 c5 18. Ne4 b6 19. Nxd6 Qxd6 20. Bg3 Qd7 21. b4 Rac8 22. bxc5 bxc5 23. f3 Rfd8 24. Bf2 h6 25. Kh1 Rc6 26. Rd3 Qd5 27. Qxd5 Rxd5 28. Rc1 Ra6 29. a3 Ra4 30. Kh2 Re5 31. Bxd4 cxd4 32. Rcd1 Rd5 33. f4 f5 34. Kg3 Kg8 35. Kf3 Kf7 36. g4 g6 37. Rb1 Ke7 38. Rb7+ Rd7 39. Rb5 Kf6 40. Rc5 Rd6 41. Rc8 Re6 42. Rh8 Re3+ 43. Rxe3 dxe3 44. Rxh6 Rxa3 45. Rh8 a5 46. gxf5 Kxf5 47. Rf8+ Ke6 48. h4 a4 49. Re8+ Kf6 50. Ra8 Kg7 51. Ra6 Kf7 52. Ra7+ Ke6 53. Ra6+ Kf7 54. Ra7+ Kf6 55. Ra6+ Kg7 56. Ra7+ Kh6 57. Ra8 Kg7 58. Ra7+ Kh6 59. Ra8 Kh7 60. Ra7+ Kh6 1/2-1/2

[Event "Kuprejanov Memorial"]
[Site "Toronto"]
[Date "2003.05.06"]
[Round "2"]
[White "Roller, Robert"]
[Black "Haziprodromu, Sam"]
[Result "0-1"]
[WhiteElo "1843"]
[BlackElo "1943"]
[PlyCount "112"]
[EventDate "2003.04.??"]
[EventType "tourn"]
[EventRounds "9"]
[EventCountry "CAN"]
[SourceTitle "EXT 2006"]
[Source "ChessBase"]
[SourceDate "2005.11.24"]
[SourceVersion "1"]
[SourceVersionDate "2005.11.24"]
[SourceQuality "1"]

1. e4 e5 2. Nf3 Nc6 3. d4 exd4 4. Nxd4 Bc5 5. Nb3 Bb6 6. Nc3 d6 7. a4 a6 8. Nd5 Ba7 9. Bg5 f6 10. Bh4 Be6 11. Be2 Qd7 12. c3 0-0-0 13. 0-0 g5 14. Bg3 Kb8 15. Kh1 Nce7 16. f4 f5 17. fxg5 fxe4 18. Nf4 Nf5 19. Bf2 e3 20. Be1 Nge7 21. Nd4 Nxd4 22. cxd4 h6 23. g6 Rdg8 24. Qd3 Bf5 25. Qxe3 Bxg6 26. Qb3 Ka8 27. Bf3 c6 28. Nxg6 Rxg6 29. Bc3 d5 30. Rae1 Bb8 31. Qc2 Qd6 32. g3 Rhg8 33. Re5 Qd7 34. Rh5 Nc8 35. Bb4 Nd6 36. Bxd6 Bxd6 37. Qf5 Qe7 38. Qd3 Qg7 39. g4 Bb8 40. h3 Rf6 41. b4 Rgf8 42. Be2 Rxf1+ 43. Bxf1 Rf4 44. b5 Rxd4 45. Qc2 Rf4 46. Bd3 Qf8 47. Kg2 Qd6 48. bxc6 bxc6 49. Rf5 Rc4 50. Qf2 Qh2+ 51. Kf3 Qxh3+ 52. Ke2 Rxa4 53. Rf3 Qxg4 54. Qb6 Ra2+ 55. Ke1 Bg3+ 56. Kd1 Qxf3+ 0-1

[Event "Kuprejanov Memorial"]
[Site "Toronto"]
[Date "2003.04.02"]
[Round "1"]
[White "Srinivasan, Gajana"]
[Black "Roller, Robert"]
[Result "1/2-1/2"]
[WhiteElo "1972"]
[BlackElo "1843"]
[PlyCount "118"]
[EventDate "2003.04.??"]
[EventType "tourn"]
[EventRounds "9"]
[EventCountry "CAN"]
[SourceTitle "EXT 2006"]
[Source "ChessBase"]
[SourceDate "2005.11.24"]
[SourceVersion "1"]
[SourceVersionDate "2005.11.24"]
[SourceQuality "1"]

1. e4 e6 2. d4 d5 3. Nc3 Bb4 4. e5 c5 5. a3 Bxc3+ 6. bxc3 Ne7 7. Qg4 Qc7 8. Bd2 cxd4 9. cxd4 Qxc2 10. Qxg7 Rg8 11. Qh6 Nbc6 12. Nf3 Nxd4 13. Nxd4 Qb2 14. Bb5+ Bd7 15. 0-0 Qxd4 16. Bxd7+ Kxd7 17. Rfe1 Qg4 18. g3 Nf5 19. Qf4 Qxf4 20. Bxf4 Nd4 21. Reb1 Ne2+ 22. Kf1 Nxf4 23. Rxb7+ Kc6 24. Rxf7 Nd3 25. f4 Raf8 26. Rxh7 Nxe5 27. Rc1+ Nc4 28. Rxa7 Ra8 29. Rh7 Rxa3 30. Rh6 Re3 31. Kf2 Re4 32. Re1 Rxe1 33. Kxe1 Kd7 34. Rh7+ Kd6 35. Rh6 Ke7 36. Rh7+ Kf6 37. Rh6+ Rg6 38. Rh7 Kf5 39. Kf2 Nd6 40. Kf3 Kf6 41. g4 e5 42. f5 Nxf5 43. gxf5 Kxf5 44. h4 e4+ 45. Kf2 d4 46. Rf7+ Ke5 47. Re7+ Re6 48. Rd7 Rf6+ 49. Ke2 d3+ 50. Kd1 Kf4 51. Rd8 Kf3 52. Kd2 Kf4 53. Rd7 Ke5 54. Re7+ Kf4 55. Rd7 Kf3 56. Re7 Kf2 57. Rxe4 Rh6 58. Kxd3 Kg3 59. Re1 Rxh4 1/2-1/2

[Event "Kuprejanov Memorial"]
[Site "Toronto"]
[Date "2003.??.??"]
[Round "4"]
[White "Laughlin, Steve"]
[Black "Roller, Robert"]
[Result "1-0"]
[WhiteElo "1961"]
[BlackElo "1843"]
[PlyCount "77"]
[EventDate "2003.04.??"]
[EventType "tourn"]
[EventRounds "9"]
[EventCountry "CAN"]
[SourceTitle "EXT 2006"]
[Source "ChessBase"]
[SourceDate "2005.11.24"]
[SourceVersion "1"]
[SourceVersionDate "2005.11.24"]
[SourceQuality "1"]

1. e4 e6 2. d4 d5 3. Nc3 Bb4 4. e5 c5 5. a3 Bxc3+ 6. bxc3 Ne7 7. Nf3 Bd7 8. a4 Qa5 9. Qd2 Nbc6 10. Be2 0-0 11. 0-0 f6 12. Ba3 cxd4 13. exf6 Rxf6 14. Bb4 Nxb4 15. cxb4 Qc7 16. Nxd4 e5 17. Nb5 Bxb5 18. axb5 Raf8 19. c3 e4 20. Rxa7 Qb8 21. Ra2 Kh8 22. Qd4 Rh6 23. h3 Qc8 24. Bg4 Qb8 25. Rfa1 Rhf6 26. Qc5 Qe5 27. Ra8 h5 28. Rxf8+ Rxf8 29. Be2 Qf6 30. Bxh5 b6 31. Qd4 Qxd4 32. cxd4 Nf5 33. Bg4 Nxd4 34. Rd1 Nc2 35. Rxd5 e3 36. fxe3 Nxe3 37. Rh5+ Kg8 38. Be6+ Rf7 39. Re5 1-0